Kandydaci na prezydenta RP w 2025 - Statystyki

Ogólne statystyki
  • Ten quiz został rozwiązany 28 razy
  • Średni wynik to 11 z 13
Statystyki odpowiedzi
Obrazkowy Odpowiedź % Poprawnych
Karol Nawrocki
100%
Rafał Trzaskowski
100%
Grzegorz Braun
95%
Magdalena Biejat
95%
Sławomir Mentzen
95%
Adrian Zandberg
91%
Joanna Senyszyn
91%
Krzysztof Stanowski
91%
Szymon Hołownia
91%
Marek Jakubiak
77%
Maciej Maciak
73%
Marek Woch
64%
Artur Bartoszewicz
41%
Nie znaleziono quizów pasujących do podanych kryteriów
Rozkład punktacji
Procent ludzi z każdym wynikiem
Percentyl według liczby udzielonych odpowiedzi
Twoja historia wyników
Nie rozwiązałeś tego quizu